<?xml version="1.0" encoding="UTF-8"?>
<collection xmlns="http://www.loc.gov/MARC21/slim">
 <record>
  <leader>02597cam a2200625   4500</leader>
  <controlfield tag="001">022514872</controlfield>
  <controlfield tag="003">DE-627</controlfield>
  <controlfield tag="005">20230728195750.0</controlfield>
  <controlfield tag="007">tu</controlfield>
  <controlfield tag="008">890912s1987    ne |||||      00| ||eng c</controlfield>
  <datafield tag="020" ind1=" " ind2=" ">
   <subfield code="a">1556190158</subfield>
   <subfield code="9">1-55619-015-8</subfield>
  </datafield>
  <datafield tag="020" ind1=" " ind2=" ">
   <subfield code="a">9027253315</subfield>
   <subfield code="9">90-272-5331-5</subfield>
  </datafield>
  <datafield tag="035" ind1=" " ind2=" ">
   <subfield code="a">(DE-627)022514872</subfield>
  </datafield>
  <datafield tag="035" ind1=" " ind2=" ">
   <subfield code="a">(DE-576)012536628</subfield>
  </datafield>
  <datafield tag="035" ind1=" " ind2=" ">
   <subfield code="a">(DE-599)GBV022514872</subfield>
  </datafield>
  <datafield tag="035" ind1=" " ind2=" ">
   <subfield code="a">(OCoLC)15014872</subfield>
  </datafield>
  <datafield tag="035" ind1=" " ind2=" ">
   <subfield code="a">(OCoLC)15014872</subfield>
  </datafield>
  <datafield tag="035" ind1=" " ind2=" ">
   <subfield code="a">(OCoLC)246564800</subfield>
  </datafield>
  <datafield tag="035" ind1=" " ind2=" ">
   <subfield code="a">(DE-604)8006752152</subfield>
  </datafield>
  <datafield tag="040" ind1=" " ind2=" ">
   <subfield code="a">DE-627</subfield>
   <subfield code="b">ger</subfield>
   <subfield code="c">DE-627</subfield>
   <subfield code="e">rakwb</subfield>
  </datafield>
  <datafield tag="041" ind1=" " ind2=" ">
   <subfield code="a">eng</subfield>
  </datafield>
  <datafield tag="044" ind1=" " ind2=" ">
   <subfield code="c">XA-NL</subfield>
   <subfield code="c">XD-US</subfield>
  </datafield>
  <datafield tag="050" ind1=" " ind2="0">
   <subfield code="a">NC263.S23</subfield>
  </datafield>
  <datafield tag="082" ind1="0" ind2=" ">
   <subfield code="a">741'.092'4</subfield>
  </datafield>
  <datafield tag="082" ind1="0" ind2=" ">
   <subfield code="a">741/.092/4</subfield>
   <subfield code="q">OCLC</subfield>
  </datafield>
  <datafield tag="084" ind1=" " ind2=" ">
   <subfield code="a">9,10</subfield>
   <subfield code="2">ssgn</subfield>
  </datafield>
  <datafield tag="084" ind1=" " ind2=" ">
   <subfield code="a">LI 77430</subfield>
   <subfield code="2">rvk</subfield>
   <subfield code="0">(DE-625)rvk/97007:</subfield>
  </datafield>
  <datafield tag="100" ind1="1" ind2=" ">
   <subfield code="a">Ruurs, Rob</subfield>
   <subfield code="4">aut</subfield>
  </datafield>
  <datafield tag="245" ind1="1" ind2="0">
   <subfield code="a">Saenredam</subfield>
   <subfield code="b">the art of perspective</subfield>
   <subfield code="c">Rob Ruurs</subfield>
  </datafield>
  <datafield tag="264" ind1=" " ind2="1">
   <subfield code="a">Amsterdam [u.a.]</subfield>
   <subfield code="b">Benjamins/Forsten</subfield>
   <subfield code="c">1987</subfield>
  </datafield>
  <datafield tag="300" ind1=" " ind2=" ">
   <subfield code="a">223 S.</subfield>
   <subfield code="b">Ill., graph. Darst.</subfield>
  </datafield>
  <datafield tag="336" ind1=" " ind2=" ">
   <subfield code="a">Text</subfield>
   <subfield code="b">txt</subfield>
   <subfield code="2">rdacontent</subfield>
  </datafield>
  <datafield tag="337" ind1=" " ind2=" ">
   <subfield code="a">ohne Hilfsmittel zu benutzen</subfield>
   <subfield code="b">n</subfield>
   <subfield code="2">rdamedia</subfield>
  </datafield>
  <datafield tag="338" ind1=" " ind2=" ">
   <subfield code="a">Band</subfield>
   <subfield code="b">nc</subfield>
   <subfield code="2">rdacarrier</subfield>
  </datafield>
  <datafield tag="490" ind1="1" ind2=" ">
   <subfield code="a">Oculi</subfield>
   <subfield code="v">1</subfield>
  </datafield>
  <datafield tag="653" ind1=" " ind2="0">
   <subfield code="a">Saenredam, Pieter Jansz</subfield>
   <subfield code="a">1597-1665</subfield>
   <subfield code="a">Criticism and interpretation</subfield>
  </datafield>
  <datafield tag="653" ind1=" " ind2="0">
   <subfield code="a">Perspective</subfield>
   <subfield code="a">Early works to 1800</subfield>
  </datafield>
  <datafield tag="689" ind1="0" ind2="0">
   <subfield code="d">p</subfield>
   <subfield code="0">(DE-588)118750682</subfield>
   <subfield code="0">(DE-627)079531180</subfield>
   <subfield code="0">(DE-576)209403365</subfield>
   <subfield code="a">Saenredam, Pieter Jansz</subfield>
   <subfield code="d">1597-1665</subfield>
   <subfield code="2">gnd</subfield>
  </datafield>
  <datafield tag="689" ind1="0" ind2="1">
   <subfield code="d">s</subfield>
   <subfield code="0">(DE-588)4045301-7</subfield>
   <subfield code="0">(DE-627)104297867</subfield>
   <subfield code="0">(DE-576)209064595</subfield>
   <subfield code="a">Perspektive</subfield>
   <subfield code="2">gnd</subfield>
  </datafield>
  <datafield tag="689" ind1="0" ind2="2">
   <subfield code="d">s</subfield>
   <subfield code="0">(DE-588)4067453-8</subfield>
   <subfield code="0">(DE-627)106108913</subfield>
   <subfield code="0">(DE-576)209169907</subfield>
   <subfield code="a">Zeichnen</subfield>
   <subfield code="2">gnd</subfield>
  </datafield>
  <datafield tag="689" ind1="0" ind2=" ">
   <subfield code="5">(DE-627)</subfield>
  </datafield>
  <datafield tag="700" ind1="1" ind2=" ">
   <subfield code="a">Saenredam, Pieter Jansz</subfield>
   <subfield code="d">1597-1665</subfield>
   <subfield code="e">Ill.</subfield>
   <subfield code="0">(DE-588)118750682</subfield>
   <subfield code="0">(DE-627)079531180</subfield>
   <subfield code="0">(DE-576)209403365</subfield>
   <subfield code="4">ill</subfield>
  </datafield>
  <datafield tag="700" ind1="1" ind2=" ">
   <subfield code="a">Saenredam, Pieter Jansz</subfield>
   <subfield code="d">1597-1665</subfield>
   <subfield code="e">Ill.</subfield>
   <subfield code="0">(DE-588)118750682</subfield>
   <subfield code="0">(DE-627)079531180</subfield>
   <subfield code="0">(DE-576)209403365</subfield>
   <subfield code="4">ill</subfield>
  </datafield>
  <datafield tag="787" ind1="0" ind2="8">
   <subfield code="i">Rezensiert in</subfield>
   <subfield code="a">Vries, Lyckle de, 1937 - </subfield>
   <subfield code="t">[Rezension von: Rob Ruurs, Saenredam]</subfield>
   <subfield code="d">Nürnberg : Carl, 1988</subfield>
   <subfield code="w">(DE-627)1738688399</subfield>
  </datafield>
  <datafield tag="830" ind1=" " ind2="0">
   <subfield code="a">Oculi</subfield>
   <subfield code="v">1</subfield>
   <subfield code="9">1</subfield>
   <subfield code="w">(DE-627)13085171X</subfield>
   <subfield code="w">(DE-576)013741322</subfield>
   <subfield code="w">(DE-600)1025566-7</subfield>
   <subfield code="x">0923-0033</subfield>
   <subfield code="7">ns</subfield>
  </datafield>
  <datafield tag="856" ind1="4" ind2="2">
   <subfield code="u">http://www.gbv.de/dms/bowker/toc/9781556190155.pdf</subfield>
   <subfield code="v">2023-07-28</subfield>
   <subfield code="x">Aggregator</subfield>
   <subfield code="3">Inhaltsverzeichnis</subfield>
  </datafield>
  <datafield tag="889" ind1=" " ind2=" ">
   <subfield code="w">(DE-627)275184323</subfield>
  </datafield>
  <datafield tag="935" ind1=" " ind2=" ">
   <subfield code="i">Blocktest</subfield>
  </datafield>
  <datafield tag="936" ind1="r" ind2="v">
   <subfield code="a">LI 77430</subfield>
   <subfield code="b">Saenredam, Pieter Janszoon</subfield>
   <subfield code="k">Künstler-Monografien</subfield>
   <subfield code="k">Alphabetische Künstlerliste</subfield>
   <subfield code="k">Künstler S</subfield>
   <subfield code="k">Saenredam, Pieter Janszoon</subfield>
   <subfield code="0">(DE-627)1270931202</subfield>
   <subfield code="0">(DE-625)rvk/97007:</subfield>
   <subfield code="0">(DE-576)200931202</subfield>
  </datafield>
  <datafield tag="951" ind1=" " ind2=" ">
   <subfield code="a">BO</subfield>
  </datafield>
  <datafield tag="990" ind1=" " ind2=" ">
   <subfield code="a">Saenredam, Pieter Jansz</subfield>
  </datafield>
  <datafield tag="990" ind1=" " ind2=" ">
   <subfield code="a">Perspektive</subfield>
  </datafield>
  <datafield tag="990" ind1=" " ind2=" ">
   <subfield code="a">Zeichnen</subfield>
  </datafield>
  <datafield tag="991" ind1=" " ind2=" ">
   <subfield code="a">Rezensiertes Werk</subfield>
  </datafield>
  <datafield tag="999" ind1=" " ind2=" ">
   <subfield code="a">KXP-PPN022514872</subfield>
   <subfield code="e">4050806061</subfield>
  </datafield>
 </record>
</collection>
